000 00683cam a22002173a 4500
001 34360
003 PGUSA
005 20140828083736.0
008 101118s2010||||xxu|||||s|||||000 | eng d
040 _aPGUSA
_beng
042 _adc
100 1 _aSudermann, Hermann,
_d1857-1928
245 1 0 _aRoses :
_bFour One-Act Plays : Streaks of Light—The Last Visit—Margot—The Far-away Princess
_h[electronic resource] /
_cHermann Sudermann
260 _bProject Gutenberg,
_c2010
506 _aPublic domain in the USA.
516 _aElectronic text
700 1 _aFrank, Grace
830 0 _aProject Gutenberg
_v34360
856 4 0 _uhttp://www.gutenberg.org/ebooks/34360
942 _cEB
999 _c263615
_d263615